| 000 | 01622cam a22004334a 4500 | ||
|---|---|---|---|
| 001 | muse73591 | ||
| 003 | MdBmJHUP | ||
| 005 | 20210127151251.0 | ||
| 006 | m o d | ||
| 007 | cr||||||||nn|n | ||
| 008 | 111011s2012 ncu o 00 0 eng d | ||
| 010 | _z 2011041899 | ||
| 020 | _a9780822395102 | ||
| 020 | _z9780822351764 (cloth : alk. paper) | ||
| 020 | _z9780822351900 (pbk. : alk. paper) | ||
| 035 | _a(OCoLC)1103702753 | ||
| 040 |
_aMdBmJHUP _cMdBmJHUP |
||
| 050 | 0 | 4 |
_aHQ515 _b.F474 2012 |
| 082 | 0 |
_a306.850973 _223 |
|
| 100 | 1 |
_aFerguson, Kennan, _d1968- |
|
| 245 | 1 | 0 |
_aAll in the Family _bOn Community and Incommensurability / _cKennan Ferguson. |
| 264 | 1 | _bDuke University Press, | |
| 264 | 3 | _bProject MUSE, | |
| 300 | _a1 online resource (ix, 199 p.) | ||
| 504 | _aIncludes bibliographical references and index. | ||
| 505 | 0 | _aFamilial intensities -- The functioning family -- Communities against politics -- Silence: a politics -- I [heart] my dog -- The spaces of disability -- Familiar languages. | |
| 506 | 0 |
_aOpen Access _fUnrestricted online access _2star |
|
| 588 | _aDescription based on print version record. | ||
| 650 | 0 | _aDemocracy. | |
| 650 | 0 |
_aFamilies _xPolitical aspects. |
|
| 655 | 7 |
_aElectronic books. _2local |
|
| 710 | 2 |
_aProject Muse. _edistributor |
|
| 830 | 0 | _aBook collections on Project MUSE. | |
| 856 | 4 | 0 |
_zFull text available: _uhttps://muse.jhu.edu/book/64086/ |
| 999 |
_c25210 _d25210 |
||